00569nam a2200157 a 450000100100000000500170001000800410002702000180006804000250008610000490011124500910016026000680025130000200031970000240033971000480036300004027720201002034028.0130821s2009 mx 000 0 spa d a9789703204724 aDO-SdBNPbspacBNPHU1 aPardo Bazán, Emilia, Condesa ded1851-192113aUn destripador de antaño /cEmilia Pardo Bazán ;introducción Camilo Ayala Ochoa. aMéxico :bUniversidad Nacional Autónoma de México,c2009. a37 p. ;c18 cm.1 aAyala Ochoa, Camilo2 aUniversidad Nacional Autónoma de México